00489nam a2200193 a 4500001001300000003000900013005001700022008004100039020001100080082001700091100002900108245001800137260004200155300000800197500003500205505001000240650001600250700002900266nice12345678IN_TiNIC20260116011930.0050524s1960 alia grp 000 0 urd  ac0.7500a891.41bANJ1 aAnjuman Taraqqi-E-Urdu,  aJigar Brailvi aAligarhbAnjuman Taraqqi-E-Urduc1960 a64p aincludes index and biblioraphy2 aNotes aUrdu-Poetry1 aAnjuman Taraqqi-E-Urdu,